| 000 | 01168nam0a22002411 4500 | ||
|---|---|---|---|
| 001 | rc\391367 | ||
| 005 | 20260407095857.0 | ||
| 035 | _a(NLR Aleph) 005641198 | ||
| 090 |
_a6670890 _c6670890 |
||
| 100 | _a20030616d1989 |||y0rusy50 ca | ||
| 101 | 0 | _arus | |
| 102 | _aRU | ||
| 105 | _ay ||||||||| | ||
| 200 | 1 |
_aОт новых технологий производства абразивного инструмента и обработки - к техническому прогрессу в машиностроении _eВсесоюз. науч.-техн. конф. молодых ученых и специалистов, 17-21 окт. 1989 г. в г. Ленинграде _eТез. докл. |
|
| 210 |
_aЛ. _cНПО "ВНИИАШ" _d1989 |
||
| 215 |
_a62 с. _d21 |
||
| 300 | _aВ назаг.: М-во станкостроит. и инструм. пром-сти СССР, ВНИИ абразивов и шлифования | ||
| 712 | 0 | 2 |
_aВНИИ абразивов и шлифования _cЛенинград _3RU\NLR\AUTH\889925506 _9346806 |
| 801 | 0 |
_aRU _bNLR _gpsbo |
|
| 801 | 1 |
_aRU _bELAR _2rusmarc |
|
| 852 |
_aNLR _j89-4/18241 |
||
| 942 | _cBOOK | ||
| 980 | _aNB | ||